Race and slavery in the Western Hemisphere; (Record no. 131508)
[ view plain ]
| 000 -LEADER | |
|---|---|
| fixed length control field | 01448cam a2200337 4500 |
| 001 - CONTROL NUMBER | |
| control field | 787916 |
| 003 - CONTROL NUMBER IDENTIFIER | |
| control field | ARRUPE |
| 005 - DATE AND TIME OF LATEST TRANSACTION | |
| control field | 20220524100947.0 |
| 008 - FIXED-LENGTH DATA ELEMENTS--GENERAL INFORMATION | |
| fixed length control field | 740521s1975 njua b 101 0 eng |
| 010 ## - LIBRARY OF CONGRESS CONTROL NUMBER | |
| LC control number | 74002965 |
| 020 ## - INTERNATIONAL STANDARD BOOK NUMBER | |
| International Standard Book Number | 0691046255 |
| -- | 0691100241 (pbk.) |
| 040 ## - CATALOGING SOURCE | |
| Original cataloging agency | DLC |
| Transcribing agency | DLC |
| Modifying agency | DLC |
| 043 ## - GEOGRAPHIC AREA CODE | |
| Geographic area code | n------ |
| -- | s------ |
| 050 00 - LIBRARY OF CONGRESS CALL NUMBER | |
| Classification number | HT1048 |
| Item number | .R33 |
| 082 00 - DEWEY DECIMAL CLASSIFICATION NUMBER | |
| Classification number | 301.44/93/091812 |
| 300 ## - PHYSICAL DESCRIPTION | |
| Other physical details | illus. |
| Dimensions | 25 cm. |
| 245 00 - TITLE STATEMENT | |
| Title | Race and slavery in the Western Hemisphere; |
| Remainder of title | quantitative studies. |
| Statement of responsibility, etc | Edited by Stanley L. Engerman and Eugene D. Genovese. Contributors: Alan H. Adamson [and others] |
| 260 ## - PUBLICATION, DISTRIBUTION, ETC. (IMPRINT) | |
| Place of publication, distribution, etc | Princeton, |
| Name of publisher, distributor, etc | Princeton University Press, |
| Date of publication, distribution, etc | 1975. |
| 300 ## - PHYSICAL DESCRIPTION | |
| Extent | xv, 556 p. |
| 440 #0 - SERIES STATEMENT/ADDED ENTRY--TITLE | |
| Title | Quantitative studies in history |
| 9 (RLIN) | 51805 |
| 500 ## - GENERAL NOTE | |
| General note | Papers presented at a conference held at the University of Rochester, Mar. 9-11, 1972, sponsored by the History Advisory Committee of the Mathematical Social Science Board. |
| 504 ## - BIBLIOGRAPHY, ETC. NOTE | |
| Bibliography, etc | Includes bibliographical references. |
| 650 #0 - SUBJECT ADDED ENTRY--TOPICAL TERM | |
| Topical term or geographic name as entry element | Slavery |
| Geographic subdivision | America |
| Form subdivision | Congresses. |
| 9 (RLIN) | 51806 |
| 650 #0 - SUBJECT ADDED ENTRY--TOPICAL TERM | |
| Topical term or geographic name as entry element | Slave trade |
| Form subdivision | Congresses. |
| 9 (RLIN) | 51807 |
| 651 #0 - SUBJECT ADDED ENTRY--GEOGRAPHIC NAME | |
| Geographic name | America |
| General subdivision | Race relations |
| Form subdivision | Congresses. |
| 9 (RLIN) | 51808 |
| 700 1# - ADDED ENTRY--PERSONAL NAME | |
| Personal name | Engerman, Stanley L., |
| Relator term | ed. |
| 9 (RLIN) | 51809 |
| 700 1# - ADDED ENTRY--PERSONAL NAME | |
| Personal name | Genovese, Eugene D., |
| Dates associated with a name | 1930-2012, |
| Relator term | ed. |
| 9 (RLIN) | 51810 |
| 700 1# - ADDED ENTRY--PERSONAL NAME | |
| Personal name | Adamson, Alan H. |
| 9 (RLIN) | 51811 |
| 710 2# - ADDED ENTRY--CORPORATE NAME | |
| Corporate name or jurisdiction name as entry element | Mathematical Social Science Board. |
| Subordinate unit | History Advisory Committee. |
| 9 (RLIN) | 51812 |
| 906 ## - LOCAL DATA ELEMENT F, LDF (RLIN) | |
| a | 7 |
| b | cbc |
| c | orignew |
| d | 1 |
| e | ocip |
| f | 19 |
| g | y-gencatlg |
| 942 ## - ADDED ENTRY ELEMENTS (KOHA) | |
| Source of classification or shelving scheme | Library of Congress Classification |
| Koha item type | Monograph ( Printed materials) |
| Withdrawn status | Lost status | Source of classification or shelving scheme | Damaged status | Not for loan | Collection code | Home library | Current library | Shelving location | Date acquired | Total Checkouts | Full call number | Barcode | Date last seen | Price effective from | Koha item type |
|---|---|---|---|---|---|---|---|---|---|---|---|---|---|---|---|
| Library of Congress Classification | Main Collection | ARRUPE LIBRARY | ARRUPE LIBRARY | Main Collection | 24/05/2022 | HT1048 .R33 | 46700000018 | 24/05/2022 | 24/05/2022 | Monograph ( Printed materials) |